Hexagon Hopping Quiz Stats

 Plays Quiz Updated Mar 17, 2018

Score 0/84 Timer 10:00
17 Plays Today
% Correct
M - global fast food restaurant chain
100%
Q - Canadian province
97.4%
C - public musical performance
97.4%
McDonald's
97.4%
McDonald's
97.4%
T - river that runs through London
96.6%
J - car manufacturer or large wild cat
96.2%
Quebec
96.2%
Quebec
96.2%
B - New England Patriots quarterback and
five-time Super Bowl winner.
96.2%
W - 1996 Spice Girls song including
the lyrics “zig-a-zig-ah”
95.9%
S - eighth astrological sign of the Zodiac
from Oct 23 to Nov 22
95.9%
Jaguar
95.9%
Jaguar
95.9%
Thames
95.6%
Thames
95.6%
G - beautiful or very attractive
95.3%
Concert
95.3%
Concert
95.3%
A - southeastern US State nicknamed
“The Yellowhammer State”.
94.9%
I - state of being habitually unable to sleep
94.7%
Gorgeous
94.7%
Gorgeous
94.7%
Scorpio
94.6%
Scorpio
94.6%
F - in the US a crime more serious
than a misdemeanour
94.5%
L - brother of Mario from the gaming franchise
94.4%
K - long, loose traditional Japanese robe
with wide sleeves, tied with a sash
94.4%
% Correct
Insomnia
94.2%
Insomnia
94.2%
R - style of music originating from Jamaica
94.2%
Alabama
94.2%
Alabama
94.2%
O - International sports event every four
years with a logo of five rings
94.2%
Brady
94.1%
Brady
94.1%
Luigi
94.1%
Luigi
94.1%
U - landlocked African country
94.1%
N - famous scientist who invented dynamite
and has prizes named after him
94%
Olympics
94%
Olympics
94%
Wannabe
94%
Wannabe
94%
P - The Boy Who Never Grows Up created
by playwright J.M. Barrie
93.9%
H - organ that pumps blood around the body
93.9%
E - a mistake or misjudgement
93.9%
Uganda
93.9%
Uganda
93.9%
V - flavour of ice cream; boring or plain
93.8%
Nobel
93.8%
Nobel
93.8%
Reggae
93.8%
Heart
93.8%
Reggae
93.8%
Heart
93.8%
% Correct
D - hoofed grazing animal, like the
Disney character Bambi
93.8%
Felony
93.8%
Felony
93.8%
Kimono
93.7%
Deer
93.7%
Kimono
93.7%
Deer
93.7%
Error
93.7%
Error
93.7%
Pan
93.6%
Pan
93.6%
Vanilla
93.5%
Vanilla
93.5%
Vanilla
93.5%
Vanilla
93.5%
Vanilla
93.5%
Vanilla
93.5%
Vanilla
93.5%
Vanilla
93.5%
Vanilla
93.5%
Vanilla
93.5%
Vanilla
93.5%
Vanilla
93.5%
Vanilla
93.5%
Vanilla
93.5%
Vanilla
93.5%
Vanilla
93.5%
Vanilla
93.5%

You're not logged in!

Compare scores with friends on all Sporcle quizzes.
OR
Log In

Sporcle TV

Today on Sporcle TV


Watch our educational content, quiz creation guides, and fun videos on Sporcle TV.

Show Comments

Extras

Top Quizzes Today


Score Distribution

Your Account Isn't Verified!

In order to create a playlist on Sporcle, you need to verify the email address you used during registration. Go to your Sporcle Settings to finish the process.

Report this User

Report this user for behavior that violates our Community Guidelines.

Details: